<?xml version="1.0" encoding="UTF-8"?>
<marc:record xmlns:marc="http://www.loc.gov/MARC21/slim">
   <marc:leader>00000nam a2200000 a 4500</marc:leader>
   <marc:datafield ind1="1" ind2=" " tag="100">
      <marc:subfield code="a">Braunmühl, Susanne von</marc:subfield>
      <marc:subfield code="4">ctb</marc:subfield>
      <marc:subfield code="e">Mitwirkende/-r</marc:subfield>
   </marc:datafield>
   <marc:datafield ind1="1" ind2=" " tag="100">
      <marc:subfield code="a">Kuß, Britta</marc:subfield>
      <marc:subfield code="4">ctb</marc:subfield>
      <marc:subfield code="e">Mitwirkende/-r</marc:subfield>
   </marc:datafield>
   <marc:datafield ind1="1" ind2=" " tag="100">
      <marc:subfield code="a">Herweg, Rachel Monika</marc:subfield>
      <marc:subfield code="4">ctb</marc:subfield>
      <marc:subfield code="e">Mitwirkende/-r</marc:subfield>
   </marc:datafield>
   <marc:datafield ind1="1" ind2=" " tag="100">
      <marc:subfield code="a">Müller, Rabeya</marc:subfield>
      <marc:subfield code="4">ctb</marc:subfield>
      <marc:subfield code="e">Mitwirkende/-r</marc:subfield>
   </marc:datafield>
   <marc:datafield ind1="1" ind2=" " tag="100">
      <marc:subfield code="a">Petersen, Oliver</marc:subfield>
      <marc:subfield code="4">ctb</marc:subfield>
      <marc:subfield code="e">Mitwirkende/-r</marc:subfield>
   </marc:datafield>
   <marc:datafield ind1="1" ind2=" " tag="100">
      <marc:subfield code="a">Rochdi, Amin</marc:subfield>
      <marc:subfield code="4">ctb</marc:subfield>
      <marc:subfield code="e">Mitwirkende/-r</marc:subfield>
   </marc:datafield>
   <marc:datafield ind1="1" ind2=" " tag="100">
      <marc:subfield code="a">Yildiz, Melek</marc:subfield>
      <marc:subfield code="4">ctb</marc:subfield>
      <marc:subfield code="e">Mitwirkende/-r</marc:subfield>
   </marc:datafield>
   <marc:datafield ind1=" " ind2=" " tag="653">
      <marc:subfield code="a">Identität</marc:subfield>
   </marc:datafield>
   <marc:datafield ind1=" " ind2=" " tag="653">
      <marc:subfield code="a">Rolle</marc:subfield>
   </marc:datafield>
   <marc:datafield ind1=" " ind2=" " tag="653">
      <marc:subfield code="a">Gottesbilder</marc:subfield>
   </marc:datafield>
   <marc:datafield ind1=" " ind2=" " tag="653">
      <marc:subfield code="a">Selbstvertrauen</marc:subfield>
   </marc:datafield>
   <marc:datafield ind1=" " ind2=" " tag="653">
      <marc:subfield code="a">konfessionsübergreifend</marc:subfield>
   </marc:datafield>
   <marc:datafield ind1=" " ind2=" " tag="653">
      <marc:subfield code="a">Unterrichtsvorbereitung</marc:subfield>
   </marc:datafield>
   <marc:datafield ind1=" " ind2=" " tag="653">
      <marc:subfield code="a">Feste der Religionen</marc:subfield>
   </marc:datafield>
   <marc:datafield ind1=" " ind2=" " tag="653">
      <marc:subfield code="a">Judentum</marc:subfield>
   </marc:datafield>
   <marc:datafield ind1=" " ind2=" " tag="653">
      <marc:subfield code="a">Christentum</marc:subfield>
   </marc:datafield>
   <marc:datafield ind1=" " ind2=" " tag="653">
      <marc:subfield code="a">Islam</marc:subfield>
   </marc:datafield>
   <marc:datafield ind1=" " ind2=" " tag="653">
      <marc:subfield code="a">Softcover / Schule</marc:subfield>
   </marc:datafield>
   <marc:datafield ind1=" " ind2=" " tag="653">
      <marc:subfield code="a">Lernen/Unterrichtsvorbereitung/Grundschule</marc:subfield>
   </marc:datafield>
   <marc:datafield ind1="0" ind2="0" tag="245">
      <marc:subfield code="a">Interreligiös-dialogisches Lernen</marc:subfield>
   </marc:datafield>
   <marc:datafield ind1="0" ind2="0" tag="245">
      <marc:subfield code="c">herausgegeben von der Akademie der Weltreligionen der Universität Hamburg, dem Pädagogisch-Theologischen Institut der Nordkirche, dem Landesinstitut für Lehrerbildung und Schulentwicklung, Hamburg</marc:subfield>
   </marc:datafield>
   <marc:datafield ind1=" " ind2="1" tag="264">
      <marc:subfield code="a">München</marc:subfield>
      <marc:subfield code="b">Kösel</marc:subfield>
      <marc:subfield code="c">2014</marc:subfield>
   </marc:datafield>
   <marc:datafield ind1="1" ind2=" " tag="520">
      <marc:subfield code="a">Angaben aus der Verlagsmeldung

Interreligiös-dialogisches Lernen ID Band 1 Wer bin ich? - Wer bist du? : Unterrichtsmaterialien für die Grundschule mit CD-ROM. - / von Susanne von Braunmühl, Britta Kuß, Rachel Monika Herweg, Rabeya Müller, Oliver Petersen, Amin Rochdi, Melek Yildiz

Mit diesem interreligiösen Unterrichtsmaterial für Grundschulen begeben sich die Kinder auf eine Schifffahrt zu den Inseln der großen Fragen, erforschen verschiedene Buchten, finden Schätze und bergen sie in ihren Logbüchern. Spielerisch und kreativ setzen sie sich mit ihrer Einzigartigkeit, mit Angst und Vertrauen, Gemeinschaft und Kommunikation, Streiten und Verzeihen, Gott und Religionen auseinander. Lehrkräfte finden hier eine Fülle von Kopiervorlagen und Materialien für die freie Arbeit sowie konkrete Verlaufspläne für den Unterricht.
Mit Glossar zur Schifffahrt und zu den Festen der Religionen.
Die beigefügte CD-ROM enthält Bilder, Kopiervorlagen und Evaluationsbögen.

Mit diesem interreligiösen Unterrichtsmaterial für Grundschulen begeben sich die Kinder auf eine Schifffahrt zu den Inseln der großen Fragen, erforschen verschiedene Buchten, finden Schätze und bergen sie in ihren Logbüchern. Spielerisch und kreativ setzen sie sich mit ihrer Einzigartigkeit, mit Angst und Vertrauen, Gemeinschaft und Kommunikation, Streiten und Verzeihen, Gott und Religionen auseinander. Lehrkräfte für Religion, Ethik, Sachkunde, Deutsch ... finden hier eine Fülle von Kopiervorlagen und Materialien für die freie Arbeit sowie konkrete Verlaufspläne für den Unterricht.
Diese Unterrichtsmaterialien sind konsequent interreligiös angelegt. Religionskundige aus Buddhismus, Judentum, Christentum, Islam, Alevitentum steuern ihre Sicht auf das Thema bei. "Interreligiös-dialogisches Lernen" bietet damit erstmals Materialien, die von authentischen Vertretern der nicht-christlichen Religionen miterarbeitet wurden und die Binnenperspektiven der Religionen zeigen.
Insgesamt zehn Bände zu den bundesweiten Standardthemen der Lehrpläne für Grundschule und Sekundarstufe I werden vorgelegt.
Die Reihe wird herausgegeben von Hans-Ulrich Keßler, dem Leiter des Pädagogisch-Theologischen Instituts Nordelbien; Prof. Dr. Josef Keuffer, dem Direktor des Landesinstituts für Lehrerbildung und Schulentwicklung, Hamburg; Prof. Dr. Wolfram Weiße, dem Direktor der Akademie der Weltreligionen in der Universität Hamburg. Ein Beirat mit hochrangigen Vertretern der Religionsgemeinschaften begleitet die Arbeit.

</marc:subfield>
   </marc:datafield>
   <marc:datafield ind1=" " ind2=" " tag="020">
      <marc:subfield code="a">9783466508310</marc:subfield>
      <marc:subfield code="9">9783466508310</marc:subfield>
   </marc:datafield>
   <marc:datafield ind1=" " ind2=" " tag="020">
      <marc:subfield code="a">3466508312</marc:subfield>
      <marc:subfield code="9">3466508312</marc:subfield>
   </marc:datafield>
   <marc:datafield ind1=" " ind2=" " tag="041">
      <marc:subfield code="a">ger</marc:subfield>
   </marc:datafield>
   <marc:datafield ind1=" " ind2=" " tag="300">
      <marc:subfield code="a">143 S.</marc:subfield>
   </marc:datafield>
</marc:record>
